| 000 | 00913 a2200265 4500 | ||
|---|---|---|---|
| 020 | _a9783540307259 | ||
| 020 | _a3540307257 | ||
| 024 | 3 | _a9786611341138 | |
| 035 | _acis8554373 | ||
| 040 |
_aDLC _bDLC |
||
| 082 | 0 | 4 | _a515.7222 |
| 245 | 0 | 0 |
_aSpectral methods: fundamentals in single domains _bfundamentals in single domains _cC. Canuto |
| 260 |
_aBerlin ; _aNew York : _bSpringer-Verlag, _cc2006. |
||
| 300 |
_axxii, 563 p. : _bill. ; _c24 cm. |
||
| 490 | 0 |
_aScientific computation, _x1434-8322 |
|
| 650 | 0 | _aSpectral theory (Mathematics) | |
| 650 | 0 | _aNumerical analysis. | |
| 650 | 0 |
_aDifferential equations, Partial _xNumerical solutions. |
|
| 655 | 7 | _aElectronic books. | |
| 700 | 1 | _aCanuto, C. | |
| 710 | 2 | _aMyiLibrary, Ltd. | |
| 856 | 4 | 0 | _uhttp://www.myilibrary.com?id=134113 |
| 856 | 4 | 0 | _uhttp://www.springerlink.com/openurl.asp?genre=book&isbn=978-3-540-30725-9 |
| 942 |
_cBK _k515.7222 CAN _2ddc |
||
| 999 |
_c7677 _d7677 |
||